000 00653nam a22002297a 4500
003 UA-OsUOA
001 93952
007 ta
008 20130130b un ||||| |||| 00| 0 ukr d
100 _aВагнер Р.
090 _a821.161.1
_bВ12
942 _cBK
040 _aUA-OsUOA
_brus
_cUA-OsUOA
_dUA-OsUOA
245 _aБагряное солне. Русское море
_bроманы
300 _a540 с.
955 _a3
041 _arus
080 _a821.161.1
260 _aЛенинград
_bСоветский писатель
_c1978
650 7 _a82 Література. Літературознавство
_2UDC
999 _c380204
_d380204